000 00442nam a2200133Ia 4500
008 210716s2000 xx 000 0 und d
041 _aeng
082 _a338.9 EMMW
100 _aEmmons, Willis.
245 _aEvolving bargain: strategic implications of deregulation and privatization.
_bStrategic implications of deregulation and privatization.
250 _a1
260 _aBoston
_bHarvard Business School Press
_c2000
300 _axii,257
999 _c199553
_d199553